000 00604nam a22001937a 4500
003 OSt
005 20180116183001.0
008 150112b xxu||||| |||| 00| 0 eng d
020 _a97817841151096
040 _a0
_c0
082 _a658.15 CIMA 2014
110 _aKaplan Financial Limited
245 _aFundamentals of Financial Accounting
_bCIMA official Study Text Paper C02 2 Vol Set
_cKaplan Financial Limited
260 _aUK
_bKaplan Financial Limited
_c2014
300 _a768p.
_bPB
440 _aFundamentals of Financial Accounting
610 _aKaplan Financial Limited
942 _2ddc
_cBK
999 _c349842
_d349842